The noble scholar, jurist, historian


 His Excellency Dr. Abdul Wahhab bin Ibrahim Abu Sulaiman, may Allah have mercy on him.


 He was born in Umm Al-Qura in the year 1356 AH.

أحكام القرآن / (Record no. 2427)

MARC details
000 -LEADER
fixed length control field 01368cam a22003251ia4500
003 - CONTROL NUMBER IDENTIFIER
control field SA-RiAUC
005 - DATE AND TIME OF LATEST TRANSACTION
control field 20241117131908.0
008 - FIXED-LENGTH DATA ELEMENTS--GENERAL INFORMATION
fixed length control field 241116s1985 le g b 001 0 ara c
040 ## - CATALOGING SOURCE
Original cataloging agency SA-JeALM
Language of cataloging ara
Transcribing agency SA-RiAUC
Description conventions rda
050 #4 - LIBRARY OF CONGRESS CALL NUMBER
Item number .K5 1985
050 4# - LIBRARY OF CONGRESS CALL NUMBER
Item number K48. 1985
082 04 - DEWEY DECIMAL CLASSIFICATION NUMBER
Classification number 226.2
Assigning agency SA-RiAUC
090 ## - LOCALLY ASSIGNED LC-TYPE CALL NUMBER (OCLC); LOCAL CALL NUMBER (RLIN)
Classification number (OCLC) (R) ; Classification number, CALL (RLIN) (NR) 226.2
Local cutter number (OCLC) ; Book number/undivided call number, CALL (RLIN) ك ي ا
100 1# - MAIN ENTRY--PERSONAL NAME
Personal name الكيا الهراسي، علي بن محمد بن علي،
Dates associated with a name 450-504 هجري
Relator term مؤلف.
245 10 - TITLE STATEMENT
Title أحكام القرآن /
Statement of responsibility, etc. علي بن محمد الطبري المعروف بالكيا الهراسي ؛ ضبطها وصححها جماعة من العلماء ؛ إشراف دار الكتب العالمية.
250 ## - EDITION STATEMENT
Edition statement الطبعة الاولى.
264 #1 - PRODUCTION, PUBLICATION, DISTRIBUTION, MANUFACTURE, AND COPYRIGHT NOTICE
Place of production, publication, distribution, manufacture بيروت :
Name of producer, publisher, distributor, manufacturer دار الكتب العلمية،
Date of production, publication, distribution, manufacture, or copyright notice 1983
300 ## - PHYSICAL DESCRIPTION
Extent 4 مجلد ؛
Dimensions 24 سم
336 ## - CONTENT TYPE
Content type term نص
Content type code txt
Source rdacontent
Materials specified كتاب
337 ## - MEDIA TYPE
Media type term بدون وسيط
Media type code n
Source rdamedia
338 ## - CARRIER TYPE
Carrier type term مجلد
Carrier type code nc
Source rdacarrier
500 ## - GENERAL NOTE
General note يشتمل على كشافات.
504 ## - BIBLIOGRAPHY, ETC. NOTE
Bibliography, etc. note يشتمل على إرجاعات ببليوجرافية.
630 27 - SUBJECT ADDED ENTRY--UNIFORM TITLE
Uniform title القرآن
General subdivision أحكام
Source of heading or term aucut
630 27 - SUBJECT ADDED ENTRY--UNIFORM TITLE
Uniform title القرآن
General subdivision تفاسير
Source of heading or term aucut
710 2# - ADDED ENTRY--CORPORATE NAME
Corporate name or jurisdiction name as entry element دار الكتب العالمية (بيروت)
Relator term مشرف.
730 22 - ADDED ENTRY--UNIFORM TITLE
Uniform title القرآن
942 ## - ADDED ENTRY ELEMENTS (KOHA)
Source of classification or shelving scheme Dewey Decimal Classification
Koha item type Books
Suppress in OPAC No
949 ## - LOCAL PROCESSING INFORMATION (OCLC)
a SA-JeALM
d 241116
u mohamedma123
n 1
Holdings
Withdrawn status Lost status Source of classification or shelving scheme Materials specified (bound volume or other part) Damaged status Not for loan Home library Current library Date acquired Total checkouts Full call number Barcode Date last seen Price effective from Koha item type
    Dewey Decimal Classification المجلد الاول( الجزء الاول والثاني)     DR AbdElwahab Library DR AbdElwahab Library 11/17/2024   226.2 ك ي ا 000003784 11/17/2024 11/17/2024 Books
    Dewey Decimal Classification المجلد الثاني( الجزء الثالث والرابع)     DR AbdElwahab Library DR AbdElwahab Library 11/17/2024   226.2 ك ي ا 000003785 11/17/2024 11/17/2024 Books